000 00676nam a2200205Ia 4500
003 GCL
008 140319s9999 xx 000 0 ara d
040 _aGCL /
_cGCL
082 0 4 _a956.903
_bع م
100 1 _aعبدالوهاب المسيرى
245 1 0 _aموسوعة تاريخ الصهيونية الجزء الثالث الحاضر والمستقبل /
_cعبدالوهاب المسيرى
260 _a[S.N] :
_bدار الحسام
300 _a96 ص
490 _a
650 0 4 _aالصهيونية
650 0 4 _aالصهيونية واليهودية
650 0 4 _aاسرائيل - تاريخ
650 0 4 _aالصهيونية - تاريخ
942 _2ddc
_cBK
999 _c36978
_d36978